Abrasion-Resistant Cast Iron Handbook

Enregistré dans:
Détails bibliographiques
Auteurs principaux: Laird, George (Auteur), Gundlach, Richard (Auteur), Röhrig, Klaus (Auteur)
Format: Livre
Langue:anglais
Publié: Des Plaines : American Foundry Society, 2001
Sujets:
Tags: Ajouter un tag
Pas de tags, Soyez le premier à ajouter un tag!

MARC

LEADER 00000nam a22000003a 4500
001 stu95581
005 20150617225813.0
008 050913s2001----xxu-----------------eng-d
020 |a 0-87433-224-9 
040 |a STU  |b slo 
041 0 |a eng 
044 |a xxu 
080 |a 621.74 
080 |a 669.1 
100 1 |a Laird, George  |4 aut 
245 1 |a Abrasion-Resistant Cast Iron Handbook 
260 |a Des Plaines :  |b American Foundry Society,  |c 2001 
300 |a 1 CD 
650 7 |a železo  |2 stusub 
650 7 |a zlievanie  |2 stusub 
700 1 |a Gundlach, Richard  |4 aut 
700 1 |a Röhrig, Klaus  |4 aut 
996 |b 284M052905  |c M*CD-656  |l MMKN  |s A  |a 24  |w stu95581_0001